Score 0/20 Timer 03:00
2 Plays Today
“C” TV Show Missing Word % Correct
________ AngelsCharlie's
94.7%
________ Your EnthusiasmCurb
94.6%
________ the Big Red DogClifford
81.2%
________ in ChargeCharles
72.8%
________ CaseCold
72.6%
________ CabCash
72.3%
________ MindsCriminal
70%
________ Explains It AllClarissa
53.8%
________ BossCake
45.9%
________ Like a FoxCrazy
41.7%
“C” TV Show Missing Word % Correct
________ and the ManChico
39.4%
The ________ of Eddie's FatherCourtship
35.8%
________ and ChickenCow
34.4%
________ HopeChicago
33.4%
________ TownCougar
27.8%
________ RedCode
27%
________ to GloryCall
24.8%
________ AffairsCovert
24.4%
________ PlanetCaptain
21.9%
________ CouchCasting
14.8%

Today's Daily Dose

Remove Ads.
Support Sporcle.
Get the best of Sporcle when you Go Orange. This ad-free experience offers more features, more stats, and more fun while also helping to support Sporcle. Thank you for becoming a member.

You're not logged in!

Compare scores with friends on all Sporcle quizzes.
OR
Log In

Show Comments

Extras

Top Quizzes Today


Score Distribution

Your Account Isn't Verified!

In order to create a playlist on Sporcle, you need to verify the email address you used during registration. Go to your Sporcle Settings to finish the process.

Report this User

Report this user for behavior that violates our Community Guidelines.

Details: